Czech economy and industry 4.0

Problematika súčasného hospodárskeho rastu českej ekonomiky a identifikácia hlavných prekážok budúceho rastu najmä vo výrobnom sektore. Predstavenie hlavných cielov iniciatívy Industry 4.0, pripravenej pod záštitou ministerstva priemyslu a obchodu. Problematika technického vzdelávania a ďalšie inici...

Descrizione completa

Salvato in:
Dettagli Bibliografici
Autore principale: Mládek, Jan
Natura: Capitolo di libro
Lingua:inglese
Soggetti:
Tags: Aggiungi Tag
Nessun Tag, puoi essere il primo ad aggiungerne!!

MARC

LEADER 00000nla a2200000 4500
001 0228280
005 20240417075112.3
041 0 |a eng 
044 |a CZ 
245 1 0 |a Czech economy and industry 4.0  |c Jan Mládek 
520 |a Problematika súčasného hospodárskeho rastu českej ekonomiky a identifikácia hlavných prekážok budúceho rastu najmä vo výrobnom sektore. Predstavenie hlavných cielov iniciatívy Industry 4.0, pripravenej pod záštitou ministerstva priemyslu a obchodu. Problematika technického vzdelávania a ďalšie iniciatívy ministerstva. 
610 2 0 |a priemysel 4.0 
610 2 0 |a technológie nové 
610 2 0 |a rast hospodársky 
610 2 0 |a Česko 
610 2 0 |a trh práce 
100 1 |a Mládek, Jan